000 00494nam a2200181Ia 4500
005 20250508161457.0
008 008 250505s9999 xx 000 0 hin d
037 _aReference
040 _aFEDL
_beng
_cFEDL
041 _ahin
_2eng
084 _a423.9143, BUL
_qFEDL
100 _aBulk Father Kamil
_9770780
245 0 _aAngrezi hindi Kosh
260 _aRanchi, India
_bKathlik Press
_c1967
300 _a891p.
942 _cREF
_h423.9143, BUL
999 _c1370198
_d1370198